<The> Linkage between Speculation and Derivatives' Trading

Gespeichert in:
Bibliographische Detailangaben
1. Verfasser: Drutarovská, Jana, 1989-
Format: Buchkapitel
Sprache:Englisch
Schlagworte:
Tags: Tag hinzufügen
Keine Tags, Fügen Sie das erste Tag hinzu!

MARC

LEADER 00000naa$a2200000$$$4500
001 0203811
005 20240502073414.0
041 0 |a eng 
044 |a SK 
245 1 0 |a <The> Linkage between Speculation and Derivatives' Trading  |c Jana Drutarovská 
610 2 0 |a trh finančný 
610 2 0 |a deriváty 
610 2 0 |a nástroje investičné 
610 2 0 |a investovanie obozretné 
610 2 0 |a obchody burzové 
610 2 0 |a riziko trhové 
610 2 0 |a špekulácie 
100 1 |a Drutarovská, Jana, 1989-